MARC

LEADER 00000nam0a2200000 4500
001 293404
005 20231102000605.0
035 |a (RuTPU)RU\TPU\book\318432 
090 |a 293404 
100 |a 20150430d1983 k y0rusy50 ca 
101 0 |a rus 
102 |a RU 
105 |a a z 001zy 
200 1 |a Реперные горизонты верхнего палеозоя и мезозоя севера европейской части СССР и Сибири  |e сборник научных трудов  |f Всесоюзный нефтяной научно-исследовательский геологоразведочный институт ; под ред. М. С. Месежникова, А. И. Киричковой 
210 |a Ленинград  |c Изд-во ВНИГРИ  |d 1983 
215 |a 140 с.  |c ил. 
320 |a Библиография в конце статей 
606 1 |a Палеозойские отложения  |2 stltpush  |3 (RuTPU)RU\TPU\subj\47983  |9 66866 
606 1 |a Мезозойские отложения  |2 stltpush  |3 (RuTPU)RU\TPU\subj\41968  |9 61731 
610 1 |a верхний палеозой 
610 1 |a Европейская часть 
610 1 |a СССР 
610 1 |a Сибирь 
610 1 |a реперные горизонты 
610 1 |a биостратиграфия 
610 1 |a фаунистические комплексы 
610 1 |a Тимано-Печорский бассейн 
675 |a 551.73  |v 3 
675 |a 551.76  |v 3 
702 1 |a Месежников  |b М. С.  |4 340 
702 1 |a Киричкова  |b А. И.  |4 340 
712 0 2 |a Всесоюзный нефтяной научно-исследовательский геологоразведочный институт  |c (Ленинград)  |c (1945-1991)  |2 stltpush  |3 (RuTPU)RU\TPU\col\7662  |9 24357 
801 1 |a RU  |b 63413507  |c 20150430 
801 2 |a RU  |b 63413507  |c 20181012  |g RCR 
942 |c BK